An area of darkness

Bibliographic Details
Main Author: Naipaul.V.S
Format: Book
Published: New York : Vintage Books , 1992
Subjects:

MARC

LEADER 00000cam a2200000 7i4500
001 0000015336
005 20080324.0
008 080324
020 |a 0375708359 
090 0 0 |a 954   |b NAI 
100 1 |a Naipaul.V.S 
245 1 0 |a An area of darkness   |c V.S.Naipaul 
260 |a New York :   |b Vintage Books ,   |c 1992 
650 0 |a India   |x civilization 
650 0 |a India   |x history 
999 |a 0001017126   |b Book   |c Adult Collection   |e Cawangan Urban Transformation Centre 
999 |a 0001017127   |b Book   |c Adult Collection   |e Perbadanan Perpustakaan Awam Johor